| 000 | 00896cpcaa2200253 a 4500 | ||
|---|---|---|---|
| 001 | mm 79003672 | ||
| 003 | DLC | ||
| 005 | 20260227111644.0 | ||
| 008 | 791120|||||||||||| eng | ||
| 010 | _amm 79003672 | ||
| 040 |
_aDLC _cDLC _edacs _dDLC |
||
| 072 | 7 |
_aC _2lcmd |
|
| 100 | 1 | _aShoemaker, Benjamin. | |
| 245 | 0 | 0 |
_aTreaty with the Pennsylvania Indians, _f1748. |
| 300 |
_a1 _fitem. |
||
| 506 | 0 | _aOpen to research. | |
| 520 | 8 | _aTreaty made with Pennsylvania Indians. | |
| 533 |
_aPhotocopy. _b[S.l.]. |
||
| 546 | _aCollection material in English. | ||
| 580 | _aForms part of: Miscellaneous Manuscripts collection. | ||
| 650 | 0 |
_aIndians of North America _zPennsylvania _xTreaties. |
|
| 651 | 0 |
_aPennsylvania _xHistory _yColonial period, ca. 1600-1775. |
|
| 999 |
_c41409 _d41409 |
||